<?xml version="1.0" encoding="UTF-8"?><?xml-stylesheet type="text/xsl" href="static/style.xsl"?><OAI-PMH xmlns="http://www.openarchives.org/OAI/2.0/" xmlns:xsi="http://www.w3.org/2001/XMLSchema-instance" xsi:schemaLocation="http://www.openarchives.org/OAI/2.0/ http://www.openarchives.org/OAI/2.0/OAI-PMH.xsd"><responseDate>2026-04-13T08:12:27Z</responseDate><request verb="GetRecord" identifier="oai:www.recercat.cat:10256/18110" metadataPrefix="marc">https://recercat.cat/oai/request</request><GetRecord><record><header><identifier>oai:recercat.cat:10256/18110</identifier><datestamp>2024-06-18T12:17:59Z</datestamp><setSpec>com_2072_452955</setSpec><setSpec>com_2072_2054</setSpec><setSpec>col_2072_453069</setSpec></header><metadata><record xmlns="http://www.loc.gov/MARC21/slim" xmlns:dcterms="http://purl.org/dc/terms/" xmlns:xsi="http://www.w3.org/2001/XMLSchema-instance" xmlns:doc="http://www.lyncode.com/xoai" xsi:schemaLocation="http://www.loc.gov/MARC21/slim http://www.loc.gov/standards/marcxml/schema/MARC21slim.xsd">
   <leader>00925njm 22002777a 4500</leader>
   <datafield ind2=" " ind1=" " tag="042">
      <subfield code="a">dc</subfield>
   </datafield>
   <datafield ind2=" " ind1=" " tag="720">
      <subfield code="a">Albert, Elvira</subfield>
      <subfield code="e">author</subfield>
   </datafield>
   <datafield ind2=" " ind1=" " tag="720">
      <subfield code="a">Bofill Arasa, Miquel</subfield>
      <subfield code="e">author</subfield>
   </datafield>
   <datafield ind2=" " ind1=" " tag="720">
      <subfield code="a">Borralleras, Cristina</subfield>
      <subfield code="e">author</subfield>
   </datafield>
   <datafield ind2=" " ind1=" " tag="720">
      <subfield code="a">Martín-Martín, Enrique</subfield>
      <subfield code="e">author</subfield>
   </datafield>
   <datafield ind2=" " ind1=" " tag="720">
      <subfield code="a">Rubio, Albert</subfield>
      <subfield code="e">author</subfield>
   </datafield>
   <datafield ind2=" " ind1=" " tag="260">
      <subfield code="c">info:eu-repo/date/embargoEnd/2020-09-20</subfield>
   </datafield>
   <datafield ind2=" " ind1=" " tag="260">
      <subfield code="c">2019-09-20</subfield>
   </datafield>
   <datafield ind2=" " ind1=" " tag="520">
      <subfield code="a">When programs feature a complex control flow, existing techniques for resource analysis produce cost relation systems (CRS) whose cost functions retain the complex flow of the program and, consequently, might not be solvable into closed-form upper bounds. This paper presents a novel approach to resource analysis that is driven by the result of a termination analysis. The fundamental idea is that the termination proof encapsulates the flows of the program which are relevant for the cost computation so that, by driving the generation of the CRS using the termination proof, we produce a linearly-bounded CRS (LB-CRS). A LB-CRS is composed of cost functions that are guaranteed to be locally bounded by linear ranking functions and thus greatly simplify the process of CRS solving. We have built a new resource analysis tool, named MaxCore, that is guided by the VeryMax termination analyzer and uses CoFloCo and PUBS as CRS solvers. Our experimental results on the set of benchmarks from the Complexity and Termination Competition 2019 for C Integer programs show that MaxCore outperforms all other resource analysis tools</subfield>
   </datafield>
   <datafield ind2=" " ind1=" " tag="520">
      <subfield code="a">This work was funded partially by the Spanish MICINN/FEDER, UE projects RTI2018-094403-BC31, RTI2018-094403-B-C33 and RTI2018-095609-B-I00, the MINECO project TIN2015-69175-C4-2-R, the MINECO/FEDER, UE projects TIN2015-69175-C4-3-R and TIN2015-66293-R, and by the CM project S2018/TCS-4314</subfield>
   </datafield>
   <datafield ind1="8" ind2=" " tag="024">
      <subfield code="a">http://hdl.handle.net/10256/18110</subfield>
   </datafield>
   <datafield tag="653" ind2=" " ind1=" ">
      <subfield code="a">Programació lògica</subfield>
   </datafield>
   <datafield tag="653" ind2=" " ind1=" ">
      <subfield code="a">Logic programming</subfield>
   </datafield>
   <datafield tag="653" ind2=" " ind1=" ">
      <subfield code="a">Programació (Matemàtica)</subfield>
   </datafield>
   <datafield tag="653" ind2=" " ind1=" ">
      <subfield code="a">Programming (Mathematics)</subfield>
   </datafield>
   <datafield ind2="0" ind1="0" tag="245">
      <subfield code="a">Resource Analysis driven by (Conditional) Termination Proofs</subfield>
   </datafield>
</record></metadata></record></GetRecord></OAI-PMH>